000 00277nam a22001217a 4500
008 180316b xxu||||| |||| 00| 0 eng d
041 _aeng
080 _a821
100 _a21
101 _aGJL
245 _aLiterature Espanola Contemporanea
_cBallester, G.T
942 _2udc
_cBK
999 _c45273
_d45273